Statistics for Diaspora-Belarus

Click here to take the quiz!

General Stats

  • This quiz has been taken 150 times
  • The average score is 14 of 16

Answer Stats

Number of immigrantsContinentCountry% Correct
521.443Asia/ EuropeRussia
100%
600.000-768.000North AmericaUnited States of America
100%
7.000EuropeUnited Kingdom
99%
47.000EuropePoland
95%
275.763EuropeUkraine
95%
41.100EuropeLithuania
91%
15.565North AmericaCanada
90%
7.500EuropeFrance
86%
68.174EuropeLatvia
86%
7.000South AmericaArgentina
84%
7.000South AmericaBrazil
83%
11.828EuropeEstonia
77%
8.529EuropeItaly
75%
66.476AsiaKazakhstan
71%
5.054EuropeCzech Republic
62%
20.000EuropeMoldova
57%

Score Distribution

Percentile by Number Answered

Percent of People with Each Score

Your Score History

You have not taken this quiz